| 000 | 00461nam a2200157 4500 | ||
|---|---|---|---|
| 001 | 112438 | ||
| 003 | ES-MaACL | ||
| 005 | 20230906185530.0 | ||
| 007 | t| | ||
| 008 | 061121s1965 sp r ||||1| spa d | ||
| 100 | 1 |
_aMuñoz Iglesias, Salvador. _984436 |
|
| 245 | 1 | 0 |
_aIntroducción a la lectura del Antiguo Testamento / _cSalvador Muñoz Iglesias. |
| 260 |
_aMadrid : _bTaurus, _c1965. |
||
| 300 |
_a477 p. ; _c22 cm. |
||
| 852 |
_aES-MaACL _jC-29202 _bR.59715 |
||
| 999 |
_c112438 _d112438 |
||